| 000 | 00532 a2200217 4500 | ||
|---|---|---|---|
| 005 | 20260210111407.0 | ||
| 008 | 260206b |||||||| |||| 00| 0 eng d | ||
| 020 |
_a9781260511042 _c£ 58.99 |
||
| 040 | _aMAIN | ||
| 082 |
_a581 _bB474S |
||
| 100 | _aBidlack, James E | ||
| 245 | _aStern's introductory plant biology | ||
| 250 | _a5th | ||
| 260 |
_bMcGraw-Hill _c2021 _aNew York |
||
| 300 | _av. | ||
| 650 | _aBotany | ||
| 650 | _aPlant Breeding | ||
| 650 | _aPlant Biology | ||
| 700 | _aJansky, Shelley H | ||
| 942 | _cBK | ||
| 999 |
_c395009 _d395009 |
||